1980s Novel Best Sellers Quiz Stats

Quiz Updated Mar 19, 2016

Challenge
Share
Tweet
Score 0/20 Timer 05:00
1 Play Today
% Correct
Cujo
92.8%
The Satanic Verses
91.6%
Clear and Present Danger
87.5%
The Butter Battle Book
84.6%
The Sicilian
84.2%
The Bourne Identity
81.8%
2010: Odyssey Two
80.5%
Hollywood Wives
79.4%
The Queen of the Damned
78.2%
A Perfect Spy
74.7%
% Correct
The Name of the Rose
71.5%
Lake Wobegon Days
69.2%
The Hotel New Hampshire
63.3%
The Pillars of the Earth
61.3%
Daddy
58%
Caribbean
56.7%
Presumed Innocent
54.9%
The Prince of Tides
54.3%
The Mammoth Hunters
51.6%
North and South
45.9%

You're not logged in!

Compare scores with friends on all Sporcle quizzes.
Join for Free
OR
Log In

You Might Also Like...

Show Comments

Extras

Top Quizzes Today


Score Distribution

Your Account Isn't Verified!

In order to create a playlist on Sporcle, you need to verify the email address you used during registration. Go to your Sporcle Settings to finish the process.

Report this User

Report this user for behavior that violates our Community Guidelines.

Details: